Ekonomika obchodu pokusný učebný text pre 1. ročník stredných ekonomických škôl, ...
Na minha lista:
| Autor principal: | |
|---|---|
| Outros Autores: | , |
| Formato: | Livro |
| Idioma: | eslovaco |
| Publicado em: |
Bratislava
Slovenské pedagogické nakladateľstvo
1978
|
| Edição: | 2. vyd. |
| Tags: |
Sem tags, seja o primeiro a adicionar uma tag!
|
MARC
| LEADER | 00000nam a2200000 4500 | ||
|---|---|---|---|
| 001 | c111356 | ||
| 005 | 20260108070626.4 | ||
| 041 | 0 | |a slo | |
| 044 | |a SK | ||
| 245 | 1 | 0 | |a Ekonomika obchodu |b pokusný učebný text pre 1. ročník stredných ekonomických škôl, ... |c Terézia Spišiaková, Juraj Prachár, Pavol Kostka |
| 250 | |a 2. vyd. | ||
| 264 | 1 | |a Bratislava |b Slovenské pedagogické nakladateľstvo |c 1978 | |
| 300 | |a 204 s. | ||
| 100 | 1 | |a Spišiaková, Terézia | |
| 700 | 1 | |a Prachár, Juraj | |
| 700 | 1 | |a Kostka, Pavol | |